Science Quiz

Random Science Quiz

Classroom Guidelines Day 2 - Level 2 Quiz Stats

Quiz not verified by Sporcle

Challenge
Share
Tweet
Embed
Score 0/18 Timer 20:00
0 Plays Today
Hint Answer % Correct
If you are ever told to Take a Break (TAB), leave the room quietly even if it's hard to do???
60.8%
When I am absent it is my responsibility to get caught up???
59.4%
When I have a question that someone else might know, I should ask 1 before Mr. Niemis???
59.4%
Whenever I finish the required work, I should then learn other science material that interests me???
59.4%
Mr. Niemis believes that experimenting and failing is one of the best ways to learn something???
59.4%
Mr. Niemis coaches swimming and baseball???
59%
Mr. Niemis coaches track and cross country and thinks running is good for anyone???
58.1%
We are going to do a lot of mini presentation and talking to apt clocks to help you with both speaking and listening???
58.1%
One of Mr. Niemis' biggest pet peeves is when people put trash or other random things in the supply bin???
57.6%
Hint Answer % Correct
When I have a question that someone else might know, I should ask 3 before Mr. Niemis???
56.2%
Whenever I finish the required work, I should then say 'I'm Done!'???
56.2%
The 'Mr. Niemis, have you seen my bin' is the first place to look if you are looking for colored pencils???
55.3%
Mr. Niemis believes that experimenting and failing is scary and you should only do what is safe???
55.3%
If you are ever told to Take a Break (TAB), leave the room yelling and throwing things???
54.8%
When I am absent it is Mr. Niemis responsibility to get me all caught up???
53.5%
We are going to do a lot of mini presentation and talking to apt clocks to freak you out and scare you???
53.5%
The 'Mr. Niemis, have you seen my bin' is the first place to look if you lost something???
53%
One of Mr. Niemis' favorite things in the world is when people put trash or other random things in the supply bin???
51.2%

You're not logged in!

Compare scores with friends on all Sporcle quizzes.
Sign Up with Email
OR
Log In

You Might Also Like...

Show Comments

Extras

Top Quizzes Today


Score Distribution

Your Account Isn't Verified!

In order to create a playlist on Sporcle, you need to verify the email address you used during registration. Go to your Sporcle Settings to finish the process.